Loading...
| Mythology | 1 | 2 | 1 | 2 | 30 | 74 | 111.67 | 0 | 3 | 0.00 | 0.00 |
| Literature - American | 1 | 0 | 0 | 0 | 15 | 76 | 76.00 | 1 | 1 | 0.00 | 0.00 |
| Other Academic | 0 | 1 | 0 | 0 | 10 | 84 | 84.00 | 1 | 1 | 0.00 | 0.00 |
| History - American | 0 | 1 | 0 | 1 | 10 | 136 | 136.00 | 0 | 1 | 0.00 | 0.00 |
| Literature - British | 0 | 1 | 0 | 0 | 10 | 142 | 142.00 | 0 | 1 | 0.00 | 0.00 |
| Religion | 0 | 1 | 0 | 0 | 10 | 111 | 111.00 | 1 | 1 | 0.00 | 0.00 |
| Social Science | 0 | 1 | 1 | 1 | 5 | 140 | 140.00 | 0 | 1 | 0.00 | 0.00 |
| History - Other | 0 | 1 | 1 | 0 | 5 | 98 | 98.00 | 1 | 1 | 0.00 | 0.00 |
| Science - Physics | 0 | 0 | 0 | 0 | 0 | 0.00 | 0 | 0 | 0.00 | 0.00 | |
| Philosophy | 0 | 0 | 1 | 0 | -5 | 0.00 | 0 | 0 | 0.00 | 0.00 | |
| Literature - European | 0 | 0 | 1 | 0 | -5 | 0.00 | 0 | 0 | 0.00 | 0.00 | |
| Science - Biology | 0 | 0 | 1 | 0 | -5 | 0.00 | 0 | 0 | 0.00 | 0.00 | |
| Fine Arts - Other | 0 | 0 | 1 | 0 | -5 | 0.00 | 0 | 0 | 0.00 | 0.00 |